000 00232nam a2200097Ia 4500
001 808060
005 20250826171243.0
008 250824s9999 xx 000 0 und d
245 0 _aARAZ
_cKAHRAMAN TAZEOĞLU
260 _bDESTEK YAYINLARI
999 _c808060
_d808060